000 00323nam a2200145Ia 4500
008 151213s9999 xx 000 0 und d
100 _aSoilur
245 _aCompany Law
_cSoilur
260 _aDhaka
_bSoilur Prokashoni
_c1997
300 _a1664 p.
650 _aLaw
650 _aLaw
700 _aSoilur
999 _c1248
_d1248